Jeux vidéo en image - M - Statistiques

Statistiques générales
  • Ce quiz a été pris 107 fois
  • Le résultat moyen est 10 sur 20
Statistiques - réponses
Par images Réponse % Correct
Mario Kart 8 Deluxe
100%
Minecraft
100%
Mortal Kombat 1
92%
Metroid Prime Remastered
86%
Mega Man X Legacy Collection
81%
Metal Gear Solid Delta: Snake Eater
80%
Monster Hunter: World
74%
Mafia : Definitive Edition
69%
Mad Max
55%
Mass Effect : Édition Légendaire
46%
Mirror's Edge
45%
Medal of Honor
43%
MultiVersus
39%
Metro Exodus
33%
Maneater
23%
Metal slug
23%
Mordhau
19%
My Friend Pedro
12%
Mount & Blade II: Bannerlord
11%
Mortal Shell
6%
Aucun quiz correspondant
Distribution des résultats
% des personnes avec chaque résultat
Percentile par nombre de réponses
Votre historique - résultats
Vous n’avez pas pris ce quiz